=LDR 00000nam 2200000 4500 =001 INLIS000000000012302 =005 20130612103832 =008 ***********************************Ind** =035 ##$$0010-061300000012302 =041 ##$$a Ind =082 ##$$a 658.81 =090 ##$$a 658.81, Gir t =100 ##$$a Girard, Joe =245 ##$$a Teknik Menjual yang efektif, Joe Girard ; alih bahasa Albirt Robong =260 ##$$a 1991 $b Jakarta =300 ##$$a 147 hlm., Ilus, 23 cm =650 ##$$a Manajemen penjualan =700 ##$$a Rebong, Albert =850 ##$$a NBPNMAT